000 00930nam a2200277 a 4500
001 43882
003 BD-RjUL
005 20211209053751.0
008 160628s1977 mdua 000 0 eng
020 _a0801818699
035 _a(BD-RjUL)44000
040 _aDLC
_cDLC
_dBD-RjUL
_beng
041 _aeng
082 0 0 _a380.14137
_223
_bSIC 1977
245 0 0 _aCoffee, tea, and cocoa :
_bmarket prospects and development lending /
_cShamsher Singh ... [et al.]
260 _aBaltimore :
_bPublished for the World Bank [by] Johns Hopkins University Press,
_cc1977.
300 _axii, 129 p. :
_bill. ;
_c23 cm.
650 0 _aCoffee industry.
_9134829
650 0 _aCocoa trade.
_9134841
650 0 _aTea trade.
_9134830
650 0 _aEconomic assistance.
_9134842
700 1 _aSingh, Shamsher,
_d1928-
_9134843
710 2 _aWorld Bank.
_9116756
942 _2ddc
_cBK
999 _c43882
_d43882